Procedimientos presupuestarios : Elaboración, modificaciones y ejecución del Presupuesto /

Guardado en:
Autor Principal: Guitián de Lucas, José María
Formato: Desconocido
Idioma:Spanish
Publicado: Madrid : Estudios del Instituto de desarrollo Económico, 1970
Series:Publicaciones de la Escuela Nacional de Administración Pública 5
Etiquetas: Agregar Etiqueta
Sin Etiquetas, Sea el primero en etiquetar este registro!
LEADER 00568nac a22001335a 4500
001 DER.der001936
005 20060906000000.0
008 180615s1970####||||||||||||||||||||spa||
100 1 |a Guitián de Lucas, José María 
245 1 0 |a Procedimientos presupuestarios :  |b Elaboración, modificaciones y ejecución del Presupuesto /  |c José María Guitián de Lucas 
260 |a Madrid :  |b Estudios del Instituto de desarrollo Económico,  |c 1970 
300 0 |a 402 p. 
440 0 |a Publicaciones de la Escuela Nacional de Administración Pública  |v 5 
859 |a DERECHO  |b BIB. DERECHO  |h 330  |i GUI  |p 004051